Balkan Quiz - Statistics

General Stats
  • This quiz has been taken 141 times
  • The average score is 8 of 10
Answer Stats
Question Answer % Correct
Half-Recognised Country Kosovo
95%
Landlocked Country #1 Serbia
94%
Biggest Country Romania
93%
Smallest Country Montenegro
92%
Richest Country Slovenia
89%
Poorest Country Albania
88%
Half-Balkan Country Turkey
83%
Landlocked Country #2 Macedonia
79%
The greatest religion #2 Islam
57%
The greatest religion Christianity
50%
No matching quizzes found
Score Distribution
Percent of People with Each Score
Percentile by Number Answered
Your Score History
You have not taken this quiz